All Countries with 5 borders - Statistics

General Stats
  • This quiz has been taken 23 times
  • The average score is 13 of 23
Answer Stats
Answer % Correct
Kazakhstan
76%
Switzerland
76%
Peru
71%
Republic of the Congo
71%
Syria
71%
Argentina
65%
Belarus
65%
Bolivia
65%
Colombia
65%
Myanmar
59%
Slovakia
59%
Bulgaria
53%
Croatia
53%
Kenya
53%
Laos
53%
Uzbekistan
53%
Azerbaijan
47%
North Macedonia
47%
Uganda
47%
Romania
41%
Senegal
41%
Montenegro
35%
Côte d'Ivoire
29%
No matching quizzes found
Score Distribution
Percent of People with Each Score
Percentile by Number Answered
Your Score History
You have not taken this quiz